Recull de bones pràctiques de Responsabilitat Social Empresarial
Publicado:
Barcelona :
Diputació de Barcelona. Àrea de Desenvolupament Econòmic. Servei de Teixit Productiu ,
2009
Descripción Física:
196 p. : il. col. , taules, gràfics, quadres ; 29 cm
MARC
| LEADER | 00000nam a2200000Ia 4500 | ||
|---|---|---|---|
| 001 | 23851 | ||
| 003 | BGR | ||
| 005 | 20260324180624.0 | ||
| 008 | 160829s2009 xx 000 0 cat d | ||
| 080 | |a Bib-77 | ||
| 245 | |a Recull de bones pràctiques de Responsabilitat Social Empresarial | ||
| 260 | |a Barcelona : |b Diputació de Barcelona. Àrea de Desenvolupament Econòmic. Servei de Teixit Productiu, |c 2009 | ||
| 300 | |a 196 p. : |b il. col. , taules, gràfics, quadres ; |c 29 cm | ||
| 590 | |a Projecte Ressort (2004-2007) | ||
| 650 | 0 | |a Empreses |x Responsabilitat social |z Barcelona (Província) |9 50353 | |
| 710 | |a Barcelona (Catalunya : Província). |b Servei de Teixit Productiu |9 53474 | ||
| 710 | 2 | |a Iniciativa Comunitària Equal |9 71044 | |
| 710 | 2 | |a Fons Social Europeu |9 7014 | |
| 901 | |a Arxiu | ||
| 942 | |n 1 |2 udc |c MON | ||
| 952 | |0 0 |1 0 |4 0 |6 BIB77 |7 1 |9 55983 |a Arxiu |b Arxiu |d 2016-12-01 |l 0 |o Bib-77 |p 23851 |r 2016-12-01 00:00:00 |w 2016-12-01 |y ARXIU | ||
| 999 | |c 59856 |d 59856 | ||